000 00616nam a2200193Ia 4500
008 151121s9999||||xx |||||||||||||| ||und||
082 _a812-/वाडक
082 _bHNW-69457
100 _aवाडकर ज्ञानेश
245 _aखंडीभर हुंडा
260 _b"अमित प्रकाशन, गोवा।"
260 _c--
300 _a35
600 _aवाडकर ज्ञानेश
630 _aखंडीभर हुंडा
700 _aवाडकर ज्ञानेश
730 _aखंडीभर हुंडा
942 _cBOOK
999 _c1250944
_d1250941